| 000 | 00906 a2200277 4500 | ||
|---|---|---|---|
| 999 |
_c200421560 _d15839 |
||
| 001 | 200421560 | ||
| 003 | TR-AnTOB | ||
| 005 | 20240827090024.0 | ||
| 008 | 151124s tu 000 0 | ||
| 020 | _a9789751629319 | ||
| 040 |
_aTR-AnTOB _btur _erda _cTR-AnTOB |
||
| 041 | 0 | _aeng | |
| 050 | 0 | 0 |
_aDK859.5 _b.Y44 2014 |
| 090 | _aDK859.5 .Y44 2014 | ||
| 100 | 1 |
_aYetişgin, Mehmet _9104819 |
|
| 245 | 1 | 2 |
_aA history of Türkistan in the nineteenth century : _bmotives, process and aftermath of Russian invasions / _cMehmet Yetişgin. |
| 264 | 1 |
_aAnkara: _bHacettepe Üniversitesi, _c2014 |
|
| 300 |
_a86 sayfa ; _c24 cm. |
||
| 336 |
_atext _2rdacontent _btxt |
||
| 337 |
_aunmediated _2rdamedia _bn |
||
| 338 |
_avolume _2rdacarrier _bnc |
||
| 651 | 0 | 0 |
_aAsia, Central _xPolitics and government _y1991- _920924 |
| 651 | 0 |
_aAsya, Orta _xSiyaset ve yönetim _y1991- _929775 |
|
| 942 |
_cBK _2lcc |
||